Irregular meiosis in a somatic hybrid between S. bulbocastanum and S. tuberosum detected by species-specific PCR markers and cytological analysis (Record no. 61684)

MARC details
000 -LEADER
fixed length control field 00556nam a2200181Ia 4500
100 ## - MAIN ENTRY--AUTHOR NAME
Personal name Masuelli R W
245 #0 - TITLE STATEMENT
Title Irregular meiosis in a somatic hybrid between S. bulbocastanum and S. tuberosum detected by species-specific PCR markers and cytological analysis
260 ## - PUBLICATION, DISTRIBUTION, ETC. (IMPRINT)
Name of publisher Theoretical and Applied Genetics
Year of publication 1995
300 ## - PHYSICAL DESCRIPTION
Number of Pages 401-408
650 ## - SUBJECT ADDED ENTRY--TOPICAL TERM
Topical Term Interspecific hybrids
650 ## - SUBJECT ADDED ENTRY--TOPICAL TERM
Topical Term RAPD
650 ## - SUBJECT ADDED ENTRY--TOPICAL TERM
Topical Term SCAR
700 ## - ADDED ENTRY--PERSONAL NAME
Personal name Brown C R
700 ## - ADDED ENTRY--PERSONAL NAME
Personal name Comai L
700 ## - ADDED ENTRY--PERSONAL NAME
Personal name Tanimoto E Y
942 ## - ADDED ENTRY ELEMENTS (KOHA)
Koha item type Journals
Holdings
Withdrawn status Lost status Damaged status Not for loan Home library Current library Shelving location Date acquired Serial Enumeration / chronology Koha item type
      Journals RRII Library RRII Library RAPD 17/12/2021 Volume 91, Issue 3 Journals